Normal view
MARC view
- Nationalism in literature
Entry Topical Term
001 - CONTROL NUMBER
- control field: 105618
003 - CONTROL NUMBER IDENTIFIER
- control field: NUST
005 - DATE AND TIME OF LATEST TRANSACTION
- control field: 20221222101449.0
008 - FIXED-LENGTH DATA ELEMENTS
- fixed length control field: 221222|| aca||aabn | a|a d
040 ## - CATALOGING SOURCE
- Original cataloging agency: NUST
- Transcribing agency: NUST
150 ## - HEADING--TOPICAL TERM
- Topical term or geographic name entry element: Nationalism in literature
- Form subdivision: Congresses
670 ## - SOURCE DATA FOUND
- Source citation: Work cat.: (NUST)0: Association for Commonwealth Language and Literature Studies. Conference (13th : 2004 : Hyderabad, India) 105616, Nation in imagination :, 2007.
